000 00524nam a22001577a 4500
999 _c1243
_d1243
008 160310b xxu||||| |||| 00| 0 eng d
020 _a9719114207
082 _22012
_aDFil 657
_bL88
100 _93582
_aLopez, Rafael M. Jr.
245 _aFundamentals of accounting:
_bsimplified procedural approach based on the new Philippine accounting standards (PAS)/
_cRafael M. Lopez Jr.
250 _a2011-2012 Edition
260 _aPhilippines:
_bMS Lopez Printing & Publishing,
_cc2012.
300 _a496 pages:
_billustrations;
_c25 cm
650 0 _918231
_aAccounting
942 _2ddc
_cDFIL